LDR 00605naa#a2200181#i#450# 001 EN\\bibl\121197 005 20260513094840.3 011 ## _a2409-1073 100 ## _a20141121b2014####ek#y0engy0150####ca 101 0# _aRUS 102 ## _aRU 200 1# _aModern Personality’s Spiritual Qualities and Their Formation Ways _eJournal article 210 1# _aMoscow _cNational Research University of Electronic Technology _d2014 215 ## _a4 с. 608 ## _aJournal article _2local 675 ## _aФормирование интеллекта и личности. 37.03 _zRUS 700 #1 _aLifintseva _gS N 856 4# _aesgi-journal.ru _u